| 000 | 00355nam a2200133 a 4500 | ||
|---|---|---|---|
| 001 | 000032473 | ||
| 005 | 20200930065646.0 | ||
| 008 | 110718s2004 dr 000 0 spa d | ||
| 040 |
_aDO-SdBNP _bspa _cBNPHU |
||
| 245 | 0 | 0 | _aDiscurso por el Lic. Arturo LogroƱo. |
| 260 |
_c[Santo Domingo ]: _b[s.n.], _c[196?]. |
||
| 300 |
_a29 p. ; _c22 cm. |
||
| 049 | _aBNPD | ||
| 999 |
_c31964 _d31964 |
||